Theory of communicative action: Lifeworld and systems, a critique of functionalist reason (Record no. 1715755)

MARC details
000 -LEADER
fixed length control field 01712nam a22002537a 4500
003 - CONTROL NUMBER IDENTIFIER
control field OSt
005 - DATE AND TIME OF LATEST TRANSACTION
control field 20260408110417.0
008 - FIXED-LENGTH DATA ELEMENTS--GENERAL INFORMATION
fixed length control field 260319b |||||||| |||| 00| 0 eng d
020 ## - INTERNATIONAL STANDARD BOOK NUMBER
International Standard Book Number 9780745607702
037 ## - SOURCE OF ACQUISITION
Terms of availability Textual
040 ## - CATALOGING SOURCE
Original cataloging agency RTL
Transcribing agency RTL
084 ## - COLON CLASSIFICATION NUMBER
Assigning agency RTL
Classification number RxN29 M4.2
245 ## - TITLE STATEMENT
Title Theory of communicative action: Lifeworld and systems, a critique of functionalist reason
260 ## - PUBLICATION, DISTRIBUTION, ETC.
Place of publication, distribution, etc. UK
Name of publisher, distributor, etc. Polity Press
Date of publication, distribution, etc. 1989
300 ## - PHYSICAL DESCRIPTION
Extent v, 457p. : ill.
Other physical details Includes bibliographical references & Index
440 ## - SERIES STATEMENT/ADDED ENTRY--TITLE
Volume/sequential designation Vol. 2
520 ## - SUMMARY, ETC.
Summary, etc. This study offers a systematic reconstruction of the theoretical foundations and framework of critical social theory. It is Habermas' "magnum opus", and it is regarded as one of the most important works of modern social thought. In this second and final volume of the work, Habermas examines the relations between action concepts and systems theory and elaborates a framework for analyzing the developmental tendencies of modern societies. He discusses in detail the work of Marx, Durkheim, G.H. Mead and Talcott Parsons, among others. By distinguishing between social systems and what he calls the "life-world", Habermas is able to analyze the ways in which the development of social systems impinges upon the symbolic and subjective dimensions of social life, resulting in the kind of crises, conflicts and protest movements which are characteristic of advanced capitalist societies in the late-20th century.
650 ## - SUBJECT ADDED ENTRY--TOPICAL TERM
Topical term or geographic name entry element Critical social theory
9 (RLIN) 1132533
650 ## - SUBJECT ADDED ENTRY--TOPICAL TERM
Topical term or geographic name entry element Modern societies
9 (RLIN) 1132534
650 ## - SUBJECT ADDED ENTRY--TOPICAL TERM
Topical term or geographic name entry element Social life
9 (RLIN) 1132535
700 ## - ADDED ENTRY--PERSONAL NAME
Personal name Habermas. Jurgen
9 (RLIN) 1132536
700 ## - ADDED ENTRY--PERSONAL NAME
Personal name McCarthy, Thomas
Relator term Translator
9 (RLIN) 1132537
942 ## - ADDED ENTRY ELEMENTS (KOHA)
Source of classification or shelving scheme Colon Classification (CC)
Suppress in OPAC Yes
Koha item type Textbook
Classification part RxN29 M4.2
Holdings
Withdrawn status Lost status Source of classification or shelving scheme Damaged status Not for loan Home library Current library Date acquired Total Checkouts Full call number Barcode Date last seen Price effective from Koha item type
    Colon Classification (CC)     Ratan Tata Library Ratan Tata Library 2026-03-19   RxN29 M4.2 RT1528761 2026-03-19 2026-03-19 Textbook
Copyright @ Delhi University Library System